000 00385nam a22001577a 4500
003 MPLRDC
005 20220104142822.0
008 210129b ||||| |||| 00| 0 eng d
082 _a572.6232 ZHLF 1991
100 _a立法秘书处
245 _a中华民国立法院
_c
260 _a
_b立法秘书处
_c1991
300 _b
650 _a立法
942 _cBK
_o572.6232 ZHLF 1991
999 _c33962
_d33952